[Event "Bundesliga 0001"]
[Site "Deutschland"]
[Date "2001.01.28"]
[Round "7.8"]
[White "Kuraszkiewicz, Michael"]
[Black "Rudolf, Henrik"]
[Result "1/2-1/2"]
[WhiteElo "2309"]
[BlackElo "2308"]
[PlyCount "49"]
[EventDate "2000.10.14"]
[EventType "team"]
[EventRounds "15"]
[EventCountry "GER"]
[SourceTitle "Bundesliga 0001"]
[Source "DeepChess"]
[SourceDate "2005.01.01"]
[SourceVersion "1"]
[SourceVersionDate "2005.01.01"]
[SourceQuality "1"]
[WhiteTeam "SK Koenig Plauen"]
[BlackTeam "SF Neukoelln 03 e.V."]
[WhiteTeamCountry "GER"]
[BlackTeamCountry "GER"]

1. d4 g6 2. e4 Bg7 3. Nc3 d6 4. Be3 a6 5. f4 b5 6. Nf3 Nd7 7. e5 Bb7 8. a3 Nh6
9. Bd3 e6 10. Ne4 Nf5 11. Bf2 h5 12. Qe2 c5 13. Nxd6+ Nxd6 14. exd6 Bxf3 15.
Qxf3 Bxd4 16. Bxd4 cxd4 17. Qe4 O-O 18. Qxd4 Qf6 19. Qxf6 Nxf6 20. c4 bxc4 21.
Bxc4 Rfd8 22. Rd1 a5 23. O-O Rab8 24. Rf2 Rb6 25. d7 1/2-1/2

[Event "Bundesliga 0001"]
[Site "Deutschland"]
[Date "2001.01.28"]
[Round "7.2"]
[White "Jussupow, Artur"]
[Black "Nielsen, Peter Heine"]
[Result "0-1"]
[WhiteElo "2610"]
[BlackElo "2578"]
[PlyCount "118"]
[EventDate "2000.10.14"]
[EventType "team"]
[EventRounds "15"]
[EventCountry "GER"]
[SourceTitle "Bundesliga 0001"]
[Source "DeepChess"]
[SourceDate "2005.01.01"]
[SourceVersion "1"]
[SourceVersionDate "2005.01.01"]
[SourceQuality "1"]
[WhiteTeam "SG 1868 Aljech. Solingen"]
[BlackTeam "SV Wattenscheid 1930"]
[WhiteTeamCountry "GER"]
[BlackTeamCountry "GER"]

1. d4 d5 2. c4 c6 3. e3 Nf6 4. Nc3 e6 5. b3 Bb4 6. Bb2 Ne4 7. Nge2 c5 8. f3
Nxc3 9. Bxc3 Bxc3+ 10. Nxc3 Qa5 11. Rc1 dxc4 12. Bxc4 cxd4 13. Qxd4 O-O 14. O-O
Nc6 15. Qe4 Rd8 16. f4 Bd7 17. Bd3 f5 18. Qf3 Nb4 19. Bb1 Bc6 20. e4 Rd2 21.
Qe3 Rad8 22. Rf2 Rxf2 23. Kxf2 fxe4 24. Nxe4 Nd5 25. Qc5 Qc7 26. Kg1 Qxf4 27.
Re1 Nf6 28. Qe7 Re8 29. Qd6 e5 30. Nxf6+ Qxf6 31. Qd3 e4 32. Qe3 a6 33. b4 Kh8
34. Rf1 Qd6 35. a3 h6 36. Bc2 Qe5 37. h3 Qb2 38. Rf2 Qa1+ 39. Kh2 Qe5+ 40. Kg1
Rd8 41. Bb3 Qa1+ 42. Kh2 Qe5+ 43. Kg1 Kh7 44. Bc2 Qd4 45. Qf4 Kh8 46. Kh2 Qd6
47. Kg3 Qe7 48. Kh2 e3 49. Re2 Re8 50. Kg1 Qe5 51. Qg4 Bd5 52. Qg6 Kg8 53. Bd3
Bf7 54. Qh7+ Kf8 55. Rc2 Rd8 56. Rc5 Rd5 57. Rc2 Ke7 58. Rc4 Rxd3 59. Re4 Rd1#
0-1

[Event "Bundesliga 0001"]
[Site "Deutschland"]
[Date "2001.01.28"]
[Round "7.5"]
[White "Holzke, Frank"]
[Black "Sadler, Matthew"]
[Result "0-1"]
[WhiteElo "2470"]
[BlackElo "2628"]
[PlyCount "120"]
[EventDate "2000.10.14"]
[EventType "team"]
[EventRounds "15"]
[EventCountry "GER"]
[SourceTitle "Bundesliga 0001"]
[Source "DeepChess"]
[SourceDate "2005.01.01"]
[SourceVersion "1"]
[SourceVersionDate "2005.01.01"]
[SourceQuality "1"]
[WhiteTeam "SV Wattenscheid 1930"]
[BlackTeam "SG 1868 Aljech. Solingen"]
[WhiteTeamCountry "GER"]
[BlackTeamCountry "GER"]

1. e4 c6 2. d4 d5 3. exd5 cxd5 4. c4 Nf6 5. Nc3 e6 6. Nf3 Bb4 7. Bd3 dxc4 8.
Bxc4 O-O 9. O-O b6 10. Qe2 Bb7 11. Rd1 Bxc3 12. bxc3 Nbd7 13. Bd3 Re8 14. c4
Bxf3 15. Qxf3 e5 16. Qh3 exd4 17. Bb2 Ne5 18. Bxd4 Nxd3 19. Rxd3 Qe7 20. Re3
Qd6 21. Bxf6 Qxf6 22. Rae1 Rxe3 23. Qxe3 Qc6 24. Qf4 Qa4 25. Qf3 Rc8 26. Qb3
Qc6 27. h3 h6 28. Re7 a5 29. Qb5 Kf8 30. Ra7 Qe6 31. Kh2 Kg8 32. Ra6 Qxc4 33.
Qxc4 Rxc4 34. Rxb6 Rc2 35. Ra6 Rxa2 36. h4 h5 37. f3 Kh7 38. Kg3 f6 39. Ra7 a4
40. Ra5 Kg6 41. Kh3 Ra3 42. Kg3 Ra1 43. Kh2 a3 44. Ra6 Ra2 45. Kg3 Kh7 46. Ra5
Kh6 47. Ra6 Ra1 48. Ra5 Kg6 49. Ra7 Ra2 50. Ra6 Kf5 51. Ra5+ Ke6 52. Rxh5 Rc2
53. Ra5 a2 54. Kh3 Kd6 55. g4 Kc6 56. g5 Kb6 57. Ra8 fxg5 58. hxg5 Kb5 59. g6
Kb4 60. Kg4 Rc4+ 0-1

[Event "Bundesliga 0001"]
[Site "Deutschland"]
[Date "2001.01.28"]
[Round "7.6"]
[White "Lobron, Eric"]
[Black "Ellers, Holger"]
[Result "0-1"]
[WhiteElo "2530"]
[BlackElo "2418"]
[PlyCount "78"]
[EventDate "2000.10.14"]
[EventType "team"]
[EventRounds "15"]
[EventCountry "GER"]
[SourceTitle "Bundesliga 0001"]
[Source "DeepChess"]
[SourceDate "2005.01.01"]
[SourceVersion "1"]
[SourceVersionDate "2005.01.01"]
[SourceQuality "1"]
[WhiteTeam "SG 1868 Aljech. Solingen"]
[BlackTeam "SV Wattenscheid 1930"]
[WhiteTeamCountry "GER"]
[BlackTeamCountry "GER"]

1. d4 e6 2. c4 Bb4+ 3. Bd2 a5 4. Nf3 d6 5. Nc3 Nf6 6. Bg5 c5 7. e3 a4 8. Bxf6
Qxf6 9. a3 cxd4 10. exd4 Bxc3+ 11. bxc3 Bd7 12. Rb1 Bc6 13. Be2 O-O 14. O-O Ra5
15. Nd2 Qg6 16. g3 Nd7 17. Re1 Nf6 18. Bf3 h5 19. Bxc6 bxc6 20. Nf3 Qf5 21. Kg2
e5 22. dxe5 dxe5 23. Qd6 e4 24. Nd4 Qc5 25. Qxc6 Rc8 26. Qxc5 Raxc5 27. Nb5
R8c6 28. Na7 Rc7 29. Rb8+ Kh7 30. Nb5 Rd7 31. Re2 Rxc4 32. h3 Nd5 33. Ra8 f5
34. Rb2 f4 35. gxf4 h4 36. Ra5 Nxf4+ 37. Kh2 Rd3 38. Kg1 Rxh3 39. Rb4 Rc5 0-1

[Event "Bundesliga 0001"]
[Site "Deutschland"]
[Date "2001.01.28"]
[Round "7.7"]
[White "Straeter, Timo"]
[Black "Rowson, Jonathan"]
[Result "1-0"]
[WhiteElo "2370"]
[BlackElo "2494"]
[PlyCount "153"]
[EventDate "2000.10.14"]
[EventType "team"]
[EventRounds "15"]
[EventCountry "GER"]
[SourceTitle "Bundesliga 0001"]
[Source "DeepChess"]
[SourceDate "2005.01.01"]
[SourceVersion "1"]
[SourceVersionDate "2005.01.01"]
[SourceQuality "1"]
[WhiteTeam "SV Wattenscheid 1930"]
[BlackTeam "SG 1868 Aljech. Solingen"]
[WhiteTeamCountry "GER"]
[BlackTeamCountry "GER"]

1. d4 Nf6 2. Nf3 g6 3. Bg5 Bg7 4. Nbd2 O-O 5. c3 d6 6. e4 Nc6 7. Bb5 h6 8. Bh4
Bd7 9. O-O Qe8 10. a4 a6 11. Bd3 Nh5 12. Nc4 e5 13. dxe5 Nxe5 14. Nfxe5 dxe5
15. Re1 Bf6 16. Bxf6 Nxf6 17. Qd2 Kg7 18. f4 exf4 19. Qxf4 Be6 20. Ne3 Rd8 21.
Bc2 Qe7 22. b4 Nh5 23. Qf3 Qg5 24. Rad1 Rxd1 25. Rxd1 Nf6 26. Qg3 Qxg3 27. hxg3
Rc8 28. a5 Kf8 29. c4 Nd7 30. Nd5 Ne5 31. Bb3 c6 32. Nb6 Re8 33. Rd4 Ke7 34.
Na4 Nd7 35. Bd1 c5 36. bxc5 Rc8 37. Bf3 Nxc5 38. Nb6 Rd8 39. Nd5+ Kd6 40. Ne3+
Kc7 41. Nd5+ Kb8 42. Bd1 h5 43. Kf2 Rh8 44. Ke3 h4 45. gxh4 Rxh4 46. Nf4 Bc8
47. g3 Rh8 48. Rd5 Ne6 49. Bf3 Re8 50. e5 Nd8 51. Rc5 Ne6 52. Nxe6 fxe6 53. Kf4
Rf8+ 54. Kg4 Rd8 55. Kh4 Rh8+ 56. Kg5 Rh3 57. Kg4 Rh8 58. Be4 Rg8 59. Kg5 Bd7
60. Kf6 g5 61. Bg6 g4 62. Bf7 Rh8 63. Ke7 Bc6 64. Bxe6 Kc7 65. Bd5 Rh5 66. Bg2
Rf5 67. Be4 Rh5 68. Kf6 Rh3 69. e6 Rh6+ 70. Bg6 Kd6 71. Rxc6+ bxc6 72. e7 Rxg6+
73. Kxg6 Kxe7 74. Kf5 Kd6 75. Kxg4 Kc5 76. Kf5 Kxc4 77. g4 1-0

[Event "Bundesliga 0001"]
[Site "Deutschland"]
[Date "2001.01.28"]
[Round "7.8"]
[White "Naumann, Alexander"]
[Black "Franke, Johannes"]
[Result "1-0"]
[WhiteElo "2489"]
[BlackElo "2290"]
[PlyCount "79"]
[EventDate "2000.10.14"]
[EventType "team"]
[EventRounds "15"]
[EventCountry "GER"]
[SourceTitle "Bundesliga 0001"]
[Source "DeepChess"]
[SourceDate "2005.01.01"]
[SourceVersion "1"]
[SourceVersionDate "2005.01.01"]
[SourceQuality "1"]
[WhiteTeam "SG 1868 Aljech. Solingen"]
[BlackTeam "SV Wattenscheid 1930"]
[WhiteTeamCountry "GER"]
[BlackTeamCountry "GER"]

1. e4 c6 2. d4 d5 3. e5 Bf5 4. c3 e6 5. Be3 Qb6 6. Qb3 Nd7 7. Nd2 h5 8. Be2 Ne7
9. f4 h4 10. Ngf3 Bg4 11. h3 Bxf3 12. Nxf3 Nf5 13. Bf2 g6 14. Bd3 Be7 15. O-O
Kf8 16. Qc2 Qd8 17. Rfd1 Rc8 18. Qe2 Kg7 19. b3 b5 20. a4 b4 21. c4 dxc4 22.
bxc4 Nb6 23. a5 Na8 24. d5 cxd5 25. cxd5 exd5 26. Bxf5 gxf5 27. Bxa7 Qd7 28.
Bd4 Qe6 29. Bb2 Rc4 30. Kh1 Nc7 31. Nd4 Qg6 32. a6 Ne6 33. Qd3 Nxf4 34. Qf3 Bg5
35. e6 Kh7 36. Nxf5 Ra8 37. Ne3 Re4 38. Nxd5 Nxe6 39. Bf6 Nc5 40. Bxg5 1-0

[Event "Bundesliga 0001"]
[Site "Deutschland"]
[Date "2001.01.28"]
[Round "7.2"]
[White "Rogozenko, Dorian"]
[Black "Khalifman, Alexander"]
[Result "1/2-1/2"]
[WhiteElo "2531"]
[BlackElo "2667"]
[PlyCount "29"]
[EventDate "2000.10.14"]
[EventType "team"]
[EventRounds "15"]
[EventCountry "GER"]
[SourceTitle "Bundesliga 0001"]
[Source "DeepChess"]
[SourceDate "2005.01.01"]
[SourceVersion "1"]
[SourceVersionDate "2005.01.01"]
[SourceQuality "1"]
[WhiteTeam "USC Magdeburg"]
[BlackTeam "SG Porz e.V."]
[WhiteTeamCountry "GER"]
[BlackTeamCountry "GER"]

1. d4 Nf6 2. c4 e6 3. Nf3 b6 4. e3 Bb7 5. Bd3 d5 6. O-O Bd6 7. b3 O-O 8. Bb2
Nbd7 9. Nc3 a6 10. Qe2 Qe7 11. Rad1 Ne4 12. Qc2 f5 13. Ne2 dxc4 14. bxc4 c5 15.
Ne5 1/2-1/2

[Event "Bundesliga 0001"]
[Site "Deutschland"]
[Date "2001.01.28"]
[Round "7.4"]
[White "Baklan, Vladimir"]
[Black "Andersson, Ulf"]
[Result "1/2-1/2"]
[WhiteElo "2599"]
[BlackElo "2641"]
[PlyCount "120"]
[EventDate "2000.10.14"]
[EventType "team"]
[EventRounds "15"]
[EventCountry "GER"]
[SourceTitle "Bundesliga 0001"]
[Source "DeepChess"]
[SourceDate "2005.01.01"]
[SourceVersion "1"]
[SourceVersionDate "2005.01.01"]
[SourceQuality "1"]
[WhiteTeam "USC Magdeburg"]
[BlackTeam "SG Porz e.V."]
[WhiteTeamCountry "GER"]
[BlackTeamCountry "GER"]

1. e4 c5 2. Nf3 e6 3. d4 cxd4 4. Nxd4 Nc6 5. Nc3 a6 6. Be3 Nf6 7. Bd3 d5 8.
exd5 exd5 9. Qd2 Bb4 10. a3 Ba5 11. Nxc6 bxc6 12. Bc5 Be6 13. Qg5 h6 14. Qxg7
Rg8 15. Qxh6 Rxg2 16. Qf8+ Kd7 17. Qd6+ Ke8 18. Qxc6+ Nd7 19. Bb4 Bxb4 20. axb4
Rc8 21. Qd6 Qg5 22. h4 Qh5 23. Be2 Qf5 24. O-O-O Rxc3 25. bxc3 Qxf2 26. Rd2 Qe3
27. Qxa6 Ne5 28. Rhd1 Kf8 29. Kb1 Kg7 30. h5 Qxc3 31. Qa1 Qxb4+ 32. Qb2 Qxb2+
33. Kxb2 Rh2 34. Kc1 Kh6 35. Rg1 Rh4 36. Rdd1 Ra4 37. Kd2 Rd4+ 38. Ke1 Ra4 39.
Rb1 Ra2 40. Bd1 Ra8 41. Kf2 Rc8 42. Ke3 Nc4+ 43. Kf4 Na3 44. Rb2 d4 45. Rg3 Nc4
46. Rb4 Ne3 47. Rxd4 Nxd1 48. Rxd1 Rxc2 49. Rd8 Rc8 50. Rxc8 Bxc8 51. Rg5 Be6
52. Ra5 Bc4 53. Ke5 Be2 54. Kf6 Bc4 55. Ra8 Kh7 56. Ra5 Be6 57. Rb5 Bc4 58. Rg5
Be6 59. Rg1 Kh6 60. Rg5 Kh7 1/2-1/2

[Event "Bundesliga 0001"]
[Site "Deutschland"]
[Date "2001.01.28"]
[Round "7.5"]
[White "Hansen, Curt"]
[Black "Thesing, Matthias"]
[Result "1/2-1/2"]
[WhiteElo "2613"]
[BlackElo "2438"]
[PlyCount "81"]
[EventDate "2000.10.14"]
[EventType "team"]
[EventRounds "15"]
[EventCountry "GER"]
[SourceTitle "Bundesliga 0001"]
[Source "DeepChess"]
[SourceDate "2005.01.01"]
[SourceVersion "1"]
[SourceVersionDate "2005.01.01"]
[SourceQuality "1"]
[WhiteTeam "SG Porz e.V."]
[BlackTeam "USC Magdeburg"]
[WhiteTeamCountry "GER"]
[BlackTeamCountry "GER"]

1. e4 c5 2. Nf3 e6 3. d4 cxd4 4. Nxd4 a6 5. Bd3 Nf6 6. O-O d6 7. c4 Bd7 8. Nc3
Nc6 9. Nxc6 Bxc6 10. Qe2 Be7 11. Bf4 Nd7 12. Rfd1 Qb8 13. Bg3 O-O 14. Rac1 Re8
15. Bb1 b6 16. a3 Bb7 17. b4 Qc7 18. Ba2 Rac8 19. Bb3 Red8 20. Rc2 g6 21. Qe3
Qc6 22. f3 Qc7 23. Rcd2 Ne5 24. Na4 b5 25. cxb5 axb5 26. Nb6 Qc3 27. Qxc3 Rxc3
28. Bxe5 Rxb3 29. Bxd6 Bg5 30. f4 Rxd6 31. Rxd6 Bxf4 32. Nd7 Bxd6 33. Rxd6 f5
34. Nc5 Rb1+ 35. Kf2 Bxe4 36. Nxe4 fxe4 37. Rxe6 Rb2+ 38. Kf1 Rb1+ 39. Kf2 Rb2+
40. Kf1 Rb1+ 41. Kf2 1/2-1/2

[Event "Bundesliga 0001"]
[Site "Deutschland"]
[Date "2001.01.28"]
[Round "7.7"]
[White "Graf, Alexander"]
[Black "Proehl, Holger"]
[Result "1-0"]
[WhiteElo "2642"]
[BlackElo "2386"]
[PlyCount "47"]
[EventDate "2000.10.14"]
[EventType "team"]
[EventRounds "15"]
[EventCountry "GER"]
[SourceTitle "Bundesliga 0001"]
[Source "DeepChess"]
[SourceDate "2005.01.01"]
[SourceVersion "1"]
[SourceVersionDate "2005.01.01"]
[SourceQuality "1"]
[WhiteTeam "SG Porz e.V."]
[BlackTeam "USC Magdeburg"]
[WhiteTeamCountry "GER"]
[BlackTeamCountry "GER"]

1. d4 d6 2. e4 e5 3. Nf3 Nd7 4. Bc4 c6 5. O-O Be7 6. dxe5 dxe5 7. Qe2 Qc7 8. a4
a5 9. Nbd2 Nc5 10. Re1 Nf6 11. b3 O-O 12. Bb2 Bd6 13. Rad1 Re8 14. Ng5 Ne6 15.
Ndf3 Nxg5 16. Nxg5 Rf8 17. Qd3 Ne8 18. Qg3 Nf6 19. Rxd6 Qxd6 20. Bxe5 Qd2 21.
Bc3 Qd8 22. Qh4 h6 23. Nxf7 Rxf7 24. e5 1-0

[Event "Bundesliga 0001"]
[Site "Deutschland"]
[Date "2001.01.28"]
[Round "7.8"]
[White "Stolz, Mike"]
[Black "Van den Doel, Erik"]
[Result "0-1"]
[WhiteElo "2318"]
[BlackElo "2547"]
[PlyCount "88"]
[EventDate "2000.10.14"]
[EventType "team"]
[EventRounds "15"]
[EventCountry "GER"]
[SourceTitle "Bundesliga 0001"]
[Source "DeepChess"]
[SourceDate "2005.01.01"]
[SourceVersion "1"]
[SourceVersionDate "2005.01.01"]
[SourceQuality "1"]
[WhiteTeam "USC Magdeburg"]
[BlackTeam "SG Porz e.V."]
[WhiteTeamCountry "GER"]
[BlackTeamCountry "GER"]

1. e4 e5 2. Nf3 Nc6 3. Bb5 a6 4. Ba4 Nf6 5. O-O Be7 6. Re1 b5 7. Bb3 O-O 8. c3
d5 9. exd5 Nxd5 10. Nxe5 Nxe5 11. Rxe5 c6 12. Bxd5 cxd5 13. d4 Bd6 14. Re3 Qh4
15. h3 g5 16. Nd2 g4 17. Nf1 gxh3 18. g3 Qg4 19. Qxg4+ Bxg4 20. Bd2 h5 21. Rae1
a5 22. a3 f6 23. Nh2 Kf7 24. Nf1 Rg8 25. Kh1 Bf5 26. R1e2 Rg6 27. Be1 Bg4 28.
f3 Bd7 29. b4 axb4 30. cxb4 Rc8 31. Rc3 Rxc3 32. Bxc3 Rg8 33. Be1 Rc8 34. Bf2
Rc1 35. Re1 Rc2 36. Kg1 Ra2 37. Re3 h4 38. f4 hxg3 39. Rxg3 Bxf4 40. Rf3 Bb8
41. Bh4 h2+ 42. Kh1 Bg4 43. Rxf6+ Kg7 44. Bg5 Bh3 0-1

[Event "Bundesliga 0001"]
[Site "Deutschland"]
[Date "2001.01.28"]
[Round "7.1"]
[White "Rabiega, Robert"]
[Black "Khenkin, Igor"]
[Result "1/2-1/2"]
[WhiteElo "2487"]
[BlackElo "2633"]
[PlyCount "32"]
[EventDate "2000.10.14"]
[EventType "team"]
[EventRounds "15"]
[EventCountry "GER"]
[SourceTitle "Bundesliga 0001"]
[Source "DeepChess"]
[SourceDate "2005.01.01"]
[SourceVersion "1"]
[SourceVersionDate "2005.01.01"]
[SourceQuality "1"]
[WhiteTeam "SK Koenig Tegel 1949 e.V. "]
[BlackTeam "TV Tegernsee"]
[WhiteTeamCountry "GER"]
[BlackTeamCountry "GER"]

1. e4 c6 2. d4 d5 3. e5 c5 4. dxc5 e6 5. Be3 Nh6 6. Nf3 Nd7 7. Bxh6 gxh6 8. c4
dxc4 9. Bxc4 Bg7 10. Qe2 Qc7 11. Bb5 O-O 12. Bxd7 Bxd7 13. O-O Qxc5 14. Nc3 Bc6
15. Ne4 Qb4 16. Rfe1 Bxe4 1/2-1/2

[Event "Bundesliga 0001"]
[Site "Deutschland"]
[Date "2001.01.28"]
[Round "7.3"]
[White "Paulsen, Dirk"]
[Black "Hertneck, Gerald"]
[Result "0-1"]
[WhiteElo "2431"]
[BlackElo "2541"]
[PlyCount "56"]
[EventDate "2000.10.14"]
[EventType "team"]
[EventRounds "15"]
[EventCountry "GER"]
[SourceTitle "Bundesliga 0001"]
[Source "DeepChess"]
[SourceDate "2005.01.01"]
[SourceVersion "1"]
[SourceVersionDate "2005.01.01"]
[SourceQuality "1"]
[WhiteTeam "SK Koenig Tegel 1949 e.V. "]
[BlackTeam "TV Tegernsee"]
[WhiteTeamCountry "GER"]
[BlackTeamCountry "GER"]

1. d4 Nf6 2. c4 c5 3. d5 b5 4. cxb5 a6 5. f3 d6 6. e4 g6 7. Nc3 Bg7 8. Qb3 Nbd7
9. a4 O-O 10. Ra3 Ne8 11. Nh3 Rb8 12. Be2 Nc7 13. O-O axb5 14. axb5 Nb6 15. Bg5
Bxh3 16. gxh3 Qd7 17. Kg2 e6 18. Ra7 exd5 19. exd5 Qf5 20. Be7 Ncxd5 21. Nxd5
Nxd5 22. Bxf8 Nf4+ 23. Kh1 Rxf8 24. Qd1 Bd4 25. Qd2 Re8 26. Bd1 Be3 27. Qe1 c4
28. Ra3 Qxh3 0-1

[Event "Bundesliga 0001"]
[Site "Deutschland"]
[Date "2001.01.28"]
[Round "7.4"]
[White "Beim, Valery"]
[Black "Lipinsky, Fabian"]
[Result "1/2-1/2"]
[WhiteElo "2528"]
[BlackElo "2362"]
[PlyCount "193"]
[EventDate "2000.10.14"]
[EventType "team"]
[EventRounds "15"]
[EventCountry "GER"]
[SourceTitle "Bundesliga 0001"]
[Source "DeepChess"]
[SourceDate "2005.01.01"]
[SourceVersion "1"]
[SourceVersionDate "2005.01.01"]
[SourceQuality "1"]
[WhiteTeam "TV Tegernsee"]
[BlackTeam "SK Koenig Tegel 1949 e.V. "]
[WhiteTeamCountry "GER"]
[BlackTeamCountry "GER"]

1. c4 e6 2. Nf3 d5 3. g3 dxc4 4. Qa4+ Nd7 5. Bg2 a6 6. Qxc4 b5 7. Qc2 Bb7 8.
O-O c5 9. d3 Ngf6 10. Nc3 Be7 11. Bg5 O-O 12. a4 Nd5 13. Bxe7 Qxe7 14. axb5
Nxc3 15. bxc3 axb5 16. Rfb1 Rxa1 17. Rxa1 Bxf3 18. Bxf3 Qd6 19. e3 Rb8 20. d4
b4 21. cxb4 cxd4 22. Qc6 Qxc6 23. Bxc6 Ne5 24. b5 dxe3 25. fxe3 Nxc6 26. bxc6
Rc8 27. Ra6 Kf8 28. Kf2 Ke7 29. Ra7+ Kf6 30. Ra6 Rc7 31. g4 h6 32. Kf3 Ke5 33.
h4 Kd6 34. Ra8 Kxc6 35. Rg8 f6 36. Ra8 Kd6 37. Ra5 Ke7 38. Rb5 Rd7 39. Ra5 Rd5
40. Ra7+ Rd7 41. Ra5 Kf7 42. Ra6 Rd5 43. Ra7+ Kg8 44. Re7 Re5 45. Kf4 Kf8 46.
Ra7 h5 47. gxh5 Rxh5 48. Kg4 Re5 49. Kf4 Rf5+ 50. Kg4 Rf1 51. Kg3 Kg8 52. Re7
e5 53. Kg2 Re1 54. Kf2 Rh1 55. Kg3 Re1 56. Kf2 Ra1 57. Kf3 Ra4 58. e4 Ra3+ 59.
Kg4 Re3 60. Kh5 Kf8 61. Ra7 Rxe4 62. Rf7+ Ke8 63. Rxg7 f5 64. Kg5 Rg4+ 65. Kf6
Rxg7 66. Kxg7 f4 67. h5 f3 68. h6 f2 69. h7 f1=Q 70. h8=Q+ Kd7 71. Qa8 Qf5 72.
Qd5+ Ke7 73. Qc5+ Ke8 74. Qa5 Qg5+ 75. Kh7 Qf6 76. Qb5+ Kf8 77. Qb8+ Kf7 78.
Qb3+ Qe6 79. Qf3+ Ke7 80. Qa3+ Kf6 81. Kh6 e4 82. Qf8+ Ke5+ 83. Kg5 Kd4 84.
Qb4+ Qc4 85. Qd2+ Qd3 86. Qb4+ Ke3 87. Qe1+ Qe2 88. Qg1+ Kf3 89. Qg4+ Kf2 90.
Qh4+ Ke3 91. Qf4+ Kd3 92. Qd6+ Kc2 93. Qc5+ Kd1 94. Qg1+ Kd2 95. Qd4+ Qd3 96.
Qf2+ Kd1 97. Kf4 1/2-1/2

[Event "Bundesliga 0001"]
[Site "Deutschland"]
[Date "2001.01.28"]
[Round "7.5"]
[White "Von Herman, Ulf"]
[Black "Stangl, Markus"]
[Result "0-1"]
[WhiteElo "2357"]
[BlackElo "2479"]
[PlyCount "30"]
[EventDate "2000.10.14"]
[EventType "team"]
[EventRounds "15"]
[EventCountry "GER"]
[SourceTitle "Bundesliga 0001"]
[Source "DeepChess"]
[SourceDate "2005.01.01"]
[SourceVersion "1"]
[SourceVersionDate "2005.01.01"]
[SourceQuality "1"]
[WhiteTeam "SK Koenig Tegel 1949 e.V. "]
[BlackTeam "TV Tegernsee"]
[WhiteTeamCountry "GER"]
[BlackTeamCountry "GER"]

1. d4 Nf6 2. c4 g6 3. Nc3 d5 4. Nf3 Bg7 5. Qb3 dxc4 6. Qxc4 O-O 7. Bf4 Na6 8.
e4 c5 9. d5 e6 10. O-O-O exd5 11. exd5 Re8 12. h3 Bd7 13. Be2 b5 14. Qb3 c4 15.
Qa3 Qb6 0-1

[Event "Bundesliga 0001"]
[Site "Deutschland"]
[Date "2001.01.28"]
[Round "7.7"]
[White "Lorenz, Sascha"]
[Black "Gross, David2"]
[Result "1-0"]
[WhiteElo "2298"]
[BlackElo "2484"]
[PlyCount "93"]
[EventDate "2000.10.14"]
[EventType "team"]
[EventRounds "15"]
[EventCountry "GER"]
[SourceTitle "Bundesliga 0001"]
[Source "DeepChess"]
[SourceDate "2005.01.01"]
[SourceVersion "1"]
[SourceVersionDate "2005.01.01"]
[SourceQuality "1"]
[WhiteTeam "SK Koenig Tegel 1949 e.V. "]
[BlackTeam "TV Tegernsee"]
[WhiteTeamCountry "GER"]
[BlackTeamCountry "GER"]

1. e4 c5 2. Nc3 Nc6 3. f4 g6 4. Nf3 Bg7 5. Bb5 Nd4 6. Nxd4 cxd4 7. Ne2 a6 8.
Ba4 e6 9. c3 d3 10. Ng3 h5 11. Qf3 h4 12. Nf1 b5 13. Bd1 g5 14. fxg5 Qxg5 15.
Qxd3 Qxg2 16. Bf3 Qg6 17. Qe2 Bb7 18. d3 Ne7 19. Be3 d5 20. Rg1 Qh7 21. Nd2 Rg8
22. exd5 Bxd5 23. Ne4 Rd8 24. Bc5 Be5 25. O-O-O Qh6+ 26. Kb1 Rxg1 27. Rxg1 Qf4
28. Rg4 Bxe4 29. Bxe4 Qxh2 30. Qf1 f5 31. Rg2 Qf4 32. Rf2 Qg5 33. Bb7 Bg3 34.
Re2 Kf7 35. Bxa6 Nd5 36. Bxb5 Rh8 37. Bc4 Nf4 38. Be3 Rh6 39. Rf2 h3 40. Bxf4
Bxf4 41. Rxf4 Kf6 42. Re4 Kf7 43. Re5 h2 44. Rxf5+ Qxf5 45. Qxf5+ Kg7 46. Qe5+
Kf8 47. Qb8+ 1-0

[Event "Bundesliga 0001"]
[Site "Deutschland"]
[Date "2001.01.28"]
[Round "7.8"]
[White "Kachiani Gersinska, Ketino"]
[Black "Zierke, Oliver"]
[Result "1-0"]
[WhiteElo "2448"]
[BlackElo "2297"]
[PlyCount "81"]
[EventDate "2000.10.14"]
[EventType "team"]
[EventRounds "15"]
[EventCountry "GER"]
[SourceTitle "Bundesliga 0001"]
[Source "DeepChess"]
[SourceDate "2005.01.01"]
[SourceVersion "1"]
[SourceVersionDate "2005.01.01"]
[SourceQuality "1"]
[WhiteTeam "TV Tegernsee"]
[BlackTeam "SK Koenig Tegel 1949 e.V. "]
[WhiteTeamCountry "GER"]
[BlackTeamCountry "GER"]

1. d4 Nf6 2. c4 e6 3. g3 c5 4. d5 exd5 5. cxd5 d6 6. Nc3 g6 7. Bg2 Bg7 8. Nf3
O-O 9. O-O a6 10. a4 Nbd7 11. Bf4 Qc7 12. h3 Re8 13. Qc2 Rb8 14. a5 Nh5 15. Bd2
c4 16. g4 Nhf6 17. Bf4 b5 18. axb6 Nxb6 19. Nd2 Nfd7 20. Nde4 Ne5 21. Bg5 f5
22. gxf5 Bxf5 23. Rxa6 Qc8 24. Rfa1 Nf7 25. Be3 Nd7 26. Rc6 Qb7 27. Rxc4 Nde5
28. Rca4 Qxb2 29. Qxb2 Rxb2 30. Ra8 Rbb8 31. Rxb8 Rxb8 32. Ra6 Nc4 33. Bf4 Bd7
34. Ra7 Bf5 35. Rc7 Nce5 36. Nxd6 Rd8 37. Nxf7 Nxf7 38. Nb5 g5 39. Bg3 h5 40.
e4 Bd7 41. Nd6 1-0

[Event "Bundesliga 0001"]
[Site "Deutschland"]
[Date "2001.02.17"]
[Round "8.1"]
[White "Van der Sterren, Paul"]
[Black "Dautov, Rustem"]
[Result "1/2-1/2"]
[WhiteElo "2569"]
[BlackElo "2606"]
[PlyCount "44"]
[EventDate "2000.10.14"]
[EventType "team"]
[EventRounds "15"]
[EventCountry "GER"]
[SourceTitle "Bundesliga 0001"]
[Source "DeepChess"]
[SourceDate "2005.01.01"]
[SourceVersion "1"]
[SourceVersionDate "2005.01.01"]
[SourceQuality "1"]
[WhiteTeam "SV Castrop Rauxel 1923"]
[BlackTeam "Godesberger SK 1929"]
[WhiteTeamCountry "GER"]
[BlackTeamCountry "GER"]

1. c4 Nf6 2. Nf3 e6 3. g3 d5 4. Bg2 dxc4 5. Qa4+ c6 6. Qxc4 b5 7. Qb3 Bb7 8.
O-O Nbd7 9. d4 Be7 10. Nc3 a6 11. Bg5 c5 12. Bxf6 Bxf6 13. dxc5 Nxc5 14. Qb4
Qe7 15. Rac1 Nd7 16. Qf4 O-O 17. Qc7 Nc5 18. Nxb5 axb5 19. Rxc5 Qxc7 20. Rxc7
Bxf3 21. Bxf3 Rxa2 22. Rb1 Rxb2 1/2-1/2